[Event "ACL-A110"]
[Site "www.playchess.de"]
[Date "2001.03.28"]
[Round "15"]
[White "flywheel"]
[Black "anne_t"]
[WhiteElo "1500"]
[BlackElo "1500"]
[PlyCount "63"]
[Result "1-0"]

1.e4 e5 {hoi, have a nice game. Anne}  2.Nf3 d6 
3.Bb5+ c6 4.Ba4 {up late?}  Be7 {up late? no, i 
have to study you know, cant play the whole day. 
:)}  5.d4 {Are you in collage? I know sites like 
this are hard to get away from sometimes:)}  exd4 
{Yes i am on the Leiden University, as one of the 
youngest female students. They are nice :)}  
6.Qxd4 {Glad to here you are doing well. I'm 
playing alot of collage students from around the 
world. It's}  Bf6 {Thats nice to hear, i think its 
funny to play gamas like this :)}  7.Qe3 {Playing 
and talking to others helps you to "get away" or 
helps to relieve stess.}  Qa5+ {yes, true but 
unfortenly not every player is nice, there are a 
few who didnt say hello back :(}  8.c3 {I've found 
alot of people who are shy or even scared to talk 
with others on the internet too.}  Qxa4 {Yes, 
thats true. a lot are shy, has maybe to do with 
the language, i have made a lot of mistakes too}  
9.O-O Bg4 10.b3 Qb5 {gonna be a nice game}  11.Na3 
{will be interesting}  Qb6 12.Nc4 Qxe3 13.Bxe3 
Bxf3 14.gxf3 Be7 15.Rad1 Nf6 16.Nxd6+ Bxd6 17.Rxd6 
O-O 18.Bg5 Nh5 19.Rfd1 Na6 20.f4 Nc5 21.f3 Ne6 
22.h4 Nexf4 23.Be7 Rfe8 {funny game}  24.R6d7 f6 
25.Rxb7 Nh3+ 26.Kh2 N3f4 27.Rdd7 a5 28.Bd6 a4 
29.Bxf4 Rab8 {good movem unexpected}  30.Bxb8 axb3 
{bullshit, i had another piece there, u are 
cheating to me. g'day . i mail thomas, i never 
play to u}  31.axb3 {didn't cheat, don't need too, 
I have alot of games here so I don't recall what 
you had. Check moves.}  c5 {bull u are a bloody 
cheat. g'day mr cheat, dum boy, was my last move. 
dont reply anymore}  32.Rd5 1-0

[Event "ACL-E003"]
[Site "www.playchess.de"]
[Date "2001.03.28"]
[Round "26"]
[White "iq160"]
[Black "chrisg"]
[WhiteElo "1660"]
[BlackElo "1793"]
[PlyCount "26"]
[Result "0-1"]

1.e4 c6 2.d4 d5 3.Nc3 dxe4 4.Nxe4 Bf5 5.Ng3 Bg6 
6.Nf3 Nd7 7.h4 h6 8.h5 Bh7 9.Bd3 Bxd3 10.Qxd3 Qc7 
11.Rh4 Ngf6 12.Bf4 Qa5+ 13.Bd2 
Qd5 0-1

[Event "HCL-B210"]
[Site "www.playchess.de"]
[Date "2001.03.28"]
[Round "11"]
[White "patzer"]
[Black "Axel"]
[WhiteElo "1250"]
[BlackElo "1765"]
[PlyCount "38"]
[Result "0-1"]

1.e4 e5 2.f4 exf4 3.Nf3 g5 4.Bc4 Nc6 5.O-O Bg7 
6.d4 g4 7.Nc3 gxf3 8.Qxf3 Bxd4+ 9.Kh1 d6 10.Qxf4 
Bf6 11.Nd5 Ne5 12.Bb3 Nd7 13.Bd2 h5 14.Bc3 Rh6 
15.Nxf6+ Ndxf6 16.Bxf6 Rxf6 17.Qg3 Kf8 18.Rxf6 
Qxf6 19.Rf1 Qxf1+ 0-1

[Event "HCL-C215"]
[Site "www.playchess.de"]
[Date "2001.03.28"]
[Round "6"]
[White "SpiderMan"]
[Black "IQ"]
[WhiteElo "800"]
[BlackElo "1000"]
[PlyCount "56"]
[Result "0-1"]

1.e4 {Hello}  d6 {auch hallo!}  2.d4 Nf6 3.Nc3 g6 
4.f4 Bg7 5.e5 dxe5 6.fxe5 Nd5 7.Qf3 Be6 8.Bc4 Nb4 
9.Bxe6 fxe6 10.Qe4 Qxd4 11.Qxb7 {Risiko !}  Nxc2+ 
12.Kf1 O-O+ 13.Nf3 Qd3+ 14.Kf2 Nd7 15.Rd1 Qf5 
16.Rxd7 Nxa1 17.Qe4 Bxe5 18.Qxf5 Rxf5 19.Kg1 Bxc3 
20.bxc3 Rd5 21.Rxd5 exd5 22.Nd4 Rb8 23.Ba3 e5 
24.Nc6 Rb1+ 25.Kf2 Nc2 26.Bc5 Rb2 27.Ne7+ {kann 
vielleicht ab Donnerstag nicht mehr weiterspielen, 
da kein Internetzugang mehr verfügbar}  Kf7 28.Nc6 
Nd4+ {Tut mir leid für dich... WIeso hasate denn 
dann kein Internet mehr?}  0-1

[Event "HCL-E033"]
[Site "www.playchess.de"]
[Date "2001.03.28"]
[Round "27"]
[White "MarkusSSG"]
[Black "peze2"]
[WhiteElo "2308"]
[BlackElo "2354"]
[PlyCount "27"]
[Result "1-0"]

1.d4 Nf6 {Hallo! Auf ein Neues. Viel Glück!}  
2.Nf3 {ja wünsche ich dir auch und ein schönes 
wochenende}  e6 {Danke ebenfalls!}  3.Bf4 b6 4.c3 
Bb7 5.Nbd2 c5 6.e3 cxd4 7.exd4 Be7 8.Bd3 O-O 9.O-O 
d6 10.Re1 Nbd7 11.Qe2 Re8 12.Rad1 a6 13.Nf1 b5 
14.Ng5 1-0

[Event "HCL-B210"]
[Site "www.playchess.de"]
[Date "2001.03.28"]
[Round "21"]
[White "Axel"]
[Black "DepthCharge"]
[WhiteElo "1765"]
[BlackElo "1522"]
[PlyCount "33"]
[Result "1-0"]

1.e4 c5 2.Nf3 d6 3.d4 cxd4 4.Nxd4 Nf6 5.Nc3 g6 
6.Be3 Bg7 7.Be2 a6 8.Qd2 e5 9.Nb3 O-O 10.O-O-O d5 
11.exd5 Re8 12.Bf3 e4 13.Be2 Ng4 14.Bxg4 Bxg4 
15.Rde1 Bf8 16.Bh6 Bb4 17.Qd4 1-0

[Event "HCL-C219"]
[Site "www.playchess.de"]
[Date "2001.03.28"]
[Round "5"]
[White "do7"]
[Black "Stalemate"]
[WhiteElo "1000"]
[BlackElo "1000"]
[PlyCount "22"]
[Result "0-1"]

1.Nc3 Nc6 {don't beat me to bad}  2.Nf3 {i want 
that u do your best.}  Nb4 {I move in stealth mode 
my best won't be seen it will be felt as you see 
your kindom fall ( i hope )}  3.a3 {thanks for 
tell me}  Nc6 {you don't know english to well do 
you}  4.e4 {How do you know?}  d6 {because your 
sentences really don't make sense but I understand 
you/ your cool}  5.Bb5 {ok}  e5 6.d4 {you will 
win}  Nge7 7.dxe5 dxe5 8.Nxe5 g6 9.O-O h5 10.Re1 
Bg4 11.Nxg4 {You lost your bishop and i'll lose my 
knight , what's better?}  hxg4 {Well it depends on 
how good the player is!  Not how the pieces move} 
 0-1

[Event "HCL-E026"]
[Site "www.playchess.de"]
[Date "2001.03.28"]
[Round "13"]
[White "peze2"]
[Black "minkin72"]
[WhiteElo "2354"]
[BlackElo "2034"]
[PlyCount "26"]
[Result "0-1"]

1.e4 {Hello again! Good luck!}  e5 {Hi, I think I 
will need luck :)  I mean against you :)}  2.Nf3 
{Understatement ! :-))}  Nc6 {You are one tough 
cookie, at least you sound like one :)}  3.Bb5 
{??? Sorry, my english is not good.}  a6 {It was a 
joke with a meaning to say that you are a good 
player :) My German is even worse :(}  4.Ba4 {Now 
I understand! Thank you! :-)}  Nf6 5.O-O b5 6.Bb3 
Bb7 7.d3 Bc5 8.Nc3 O-O 9.a4 b4 10.Ne2 d5 11.exd5 
Na5 12.c4 bxc3 13.Nxc3 Nxd5 0-1

[Event "HCL-B212"]
[Site "www.playchess.de"]
[Date "2001.03.28"]
[Round "24"]
[White "DIG"]
[Black "dg"]
[WhiteElo "1500"]
[BlackElo "1129"]
[PlyCount "41"]
[Result "1-0"]

1.e4 e5 2.Nc3 Nf6 3.Nf3 d6 4.d4 exd4 5.Qxd4 Nc6 
6.Qd1 g6 7.Bd3 Bg7 8.Bg5 Qd7 9.O-O O-O 10.Re1 b6 
11.Bd2 Bb7 12.Rb1 Nb4 13.Bf1 Nh5 14.a3 Bxc3 
15.Bxc3 Nc6 16.Qd2 Rae8 17.Bc4 a6 18.Bd5 Reb8 
19.Qh6 Ne7 20.Ng5 Rfe8 21.Bxf7+ 1-0

[Event "HCL-C213"]
[Site "www.playchess.de"]
[Date "2001.03.28"]
[Round "35"]
[White "chico"]
[Black "fossa"]
[WhiteElo "1000"]
[BlackElo "837"]
[PlyCount "65"]
[Result "1/2-1/2"]

1.e4 e6 {Saludos desde Venezuela}  2.Nc3 Nf6 3.Nf3 
c5 4.d3 Qe7 5.Be2 Nc6 6.Bf4 e5 7.Bg5 h6 8.Bxf6 
gxf6 9.Qd2 b6 10.Nd5 Qd6 11.c3 Ba6 12.Nh4 Ne7 
13.Nxe7 Qxe7 14.c4 d6 15.Qc2 Bc8 16.g3 Bd7 
17.O-O-O Qd8 18.Qd2 a5 19.Kb1 Qb8 20.f4 b5 21.Kc1 
b4 22.b3 a4 23.Qe3 axb3 24.axb3 Ra3 25.Kb2 Qa7 
26.Rda1 Bg7 27.f5 O-O 28.Qc1 Ra8 29.Qb1 Rxa1 
30.Qxa1 Qxa1+ 31.Rxa1 Rxa1 {it seems like 
stalemate for me...}  32.Kxa1 Kf8 33.Ng2 {queres 
ficar com um empate?}  1/2-1/2

[Event "HCL-C223"]
[Site "www.playchess.de"]
[Date "2001.03.28"]
[Round "3"]
[White "waspranger"]
[Black "Flab"]
[WhiteElo "1000"]
[BlackElo "717"]
[PlyCount "47"]
[Result "1-0"]

1.e3 e5 2.Bc4 {hello--fellow brit!}  a6 3.Qf3 Nf6 
4.Nc3 c6 5.Ne4 d5 6.Nxf6+ gxf6 7.Be2 a5 8.Qh5 a4 
9.d4 exd4 10.exd4 f5 11.Nf3 b5 12.Bg5 Qa5+ 13.c3 
b4 14.Ne5 Be6 15.Bf6 Rg8 16.Qxh7 Rxg2 17.Bh5 Ra7 
18.Kf1 Rg6 19.Nxg6 fxg6 20.Bxg6+ Rf7 21.Bxf7+ Bxf7 
22.Re1+ Kd7 23.Qxf7+ Kc8 24.Re8+ 1-0

[Event "ACL-A117"]
[Site "www.playchess.de"]
[Date "2001.03.28"]
[Round "19"]
[White "Flab"]
[Black "Tiger"]
[WhiteElo "1500"]
[BlackElo "1500"]
[PlyCount "44"]
[Result "0-1"]

1.e4 c5 2.e5 Nc6 3.f4 d5 4.c3 f6 5.exf6 Nxf6 6.b4 
cxb4 7.Nf3 Bg4 8.h3 Bxf3 9.Qxf3 e5 10.g4 Ne4 11.g5 
exf4 12.Qxf4 Bd6 13.Qf5 Qe7 14.Qf3 Nxc3+ 15.Kf2 
Rf8 16.dxc3 Rxf3+ 17.Kg2 Rg3+ 18.Kf2 O-O-O 19.Bg2 
Rf8+ 20.Kg1 Qe1+ {i mate}  21.Kh2 Rg4+ 22.Bf4 
Bxf4+ 0-1

[Event "HCL-B228"]
[Site "www.playchess.de"]
[Date "2001.03.28"]
[Round "3"]
[White "Arcant"]
[Black "cmcmark"]
[WhiteElo "1902"]
[BlackElo "1200"]
[PlyCount "41"]
[Result "1-0"]

1.d4 {Hello-looking forward to a good game.}  f5 
2.h3 Nf6 3.g4 d5 {My word!  You English fellows 
move fast.  Must be the the Anglo in us.}  4.g5 
{Yes,I do tend to move fast in opening-must be my 
impulsive nature!}  Ne4 {That way we build up time 
on our clock if we have social problems later!}  
5.Nc3 Qd6 6.h4 Nxc3 7.bxc3 e5 8.e3 e4 9.Ne2 g6 
10.Nf4 Bg7 11.a4 b6 12.Ba3 Qd8 13.Rg1 a6 14.h5 Kf7 
15.h6 Bf8 16.c4 {Thanks for draw offer but I'd 
rather play on}  c6 {ok}  17.cxd5 cxd5 18.c4 Bb7 
19.Qb3 b5 20.cxd5 Qa5+ 21.Kd1 1-0

[Event "HCL-A101"]
[Site "www.playchess.de"]
[Date "2001.03.28"]
[Round "18"]
[White "Eaglewingz"]
[Black "Felix"]
[WhiteElo "1428"]
[BlackElo "1683"]
[PlyCount "35"]
[Result "1-0"]

1.c4 {Hello again!}  Nf6 {Nice to meet you again!} 
 2.Nc3 d5 3.cxd5 Nxd5 4.Nf3 g6 5.e4 Nxc3 6.dxc3 
Qxd1+ {Afraid of Grunfeld? ;-)}  7.Kxd1 {yep, I 
chickened out! 8)}  Bg7 {Let's see what we'll make 
from this.... 8-)}  8.Bf4 {Now  where were 
we...6.bxc3 may have been more dynamic...}  c6 
{Yes, but the variants with Nf3 need good 
knowledge of theory; Ne2 is easier (to answer Bg4 
with f3)}  9.Kc2 {Hmm, I never considered that 
line}  Na6 {8-)}  10.Bxa6 {2 B's vs. structure 
:-)}  bxa6 {Yea; I cannot say I like it that 
way....}  11.Rad1 {8-)}  Be6 12.Nd4 Bd7 13.Rhe1 
O-O 14.Nf5 Be6 {:}  15.Nxe7+ {)}  Kh8 16.Nxc6 Rfc8 
17.Nb4 a5 18.Nd5 1-0

[Event "HCL-B228"]
[Site "www.playchess.de"]
[Date "2001.03.28"]
[Round "9"]
[White "chucaniam"]
[Black "cmcmark"]
[WhiteElo "1561"]
[BlackElo "1200"]
[PlyCount "23"]
[Result "1-0"]

1.e4 c5 {Where in Brazil are you at?  I'm in US, 
Virginia.}  2.Nf3 {yes iam brazil - site mirassol 
- são paulo}  e6 {With this being March, you had a 
big party down there not so long ago?}  3.d4 cxd4 
4.Nxd4 a6 5.Nc3 Qc7 6.Be2 b5 7.a3 Bb7 8.O-O Nc6 
9.Be3 Nf6 10.f3 Rc8 11.Qd2 Bc5 
12.Rad1 1-0

[Event "HCL-B230"]
[Site "www.playchess.de"]
[Date "2001.03.28"]
[Round "2"]
[White "Allesnehmer"]
[Black "sarx"]
[WhiteElo "1937"]
[BlackElo "1500"]
[PlyCount "45"]
[Result "1-0"]

1.e4 e6 2.d4 d5 3.Nc3 Bb4 4.e5 c5 5.a3 Ba5 6.b4 
cxd4 7.Qg4 Ne7 8.bxa5 dxc3 9.Qxg7 Rg8 10.Qxh7 Nbc6 
11.f4 Qxa5 12.Rb1 Bd7 13.Rxb7 Nd4 14.Qd3 Nef5 
15.Nf3 Ba4 16.Nxd4 Nxd4 17.Qxd4 Bxc2 18.Bb5+ Kf8 
19.f5 Bxf5 20.Qh4 c2+ 21.Kf2 Be4 22.Rxf7+ Kxf7 
23.Qf6+ 1-0

[Event "HCL-C230"]
[Site "www.playchess.de"]
[Date "2001.03.28"]
[Round "15"]
[White "hercos"]
[Black "otaolive"]
[WhiteElo "1000"]
[BlackElo "1000"]
[PlyCount "55"]
[Result "1-0"]

1.e4 Nh6 2.d4 a6 3.Nf3 d6 4.Nc3 Bd7 5.Be2 a5 6.h3 
Ra6 7.Bxa6 bxa6 8.O-O g5 9.Bxg5 Bg7 10.Nd5 Be6 
11.Nf4 Nc6 12.Nxe6 f6 13.Nxd8 Kxd8 14.Bxh6 Bxh6 
15.e5 fxe5 16.dxe5 Rf8 17.exd6 cxd6 18.Qd3 a4 
19.Qxa6 Kd7 20.Qb7+ Ke6 21.Qxc6 Kf6 22.Qxa4 d5 
23.Qc6+ e6 24.Rfe1 Kg7 25.Qxe6 Kh8 26.Qxh6 Rf7 
27.Re8+ Rf8 {CONGRATULATIONS}  
28.Rxf8+ 1-0

[Event "HCL-B229"]
[Site "www.playchess.de"]
[Date "2001.03.28"]
[Round "7"]
[White "dg"]
[Black "serpens"]
[WhiteElo "1095"]
[BlackElo "1168"]
[PlyCount "33"]
[Result "1-0"]

1.e4 e6 2.Nf3 d5 3.e5 c5 4.d4 cxd4 5.Nxd4 Bd7 
6.Nd2 Qb6 7.N2b3 Nc6 8.Be3 Nxe5 9.g3 Qc7 10.Bf4 
Bd6 11.Nb5 Bxb5 12.Bxb5+ Nc6 13.Bxd6 Qxd6 14.Qf3 
Qb4+ 15.Qc3 Qe4+ 16.Kd2 Qe5 17.Qxe5 1-0

[Event "HCL-B229"]
[Site "www.playchess.de"]
[Date "2001.03.28"]
[Round "8"]
[White "German04"]
[Black "dg"]
[WhiteElo "1198"]
[BlackElo "1095"]
[PlyCount "77"]
[Result "1-0"]

1.e4 e5 2.Nf3 Nc6 3.Nc3 d6 4.Nd5 Be6 5.d3 Bxd5 
6.exd5 Nce7 7.c4 Nf6 8.Be2 g6 9.O-O Bg7 10.Qa4+ 
Qd7 11.Qxd7+ Nxd7 12.Rb1 O-O 13.b3 a5 14.Kh1 c6 
15.Bg5 Nf5 16.g4 Nh6 17.h3 cxd5 18.Be7 Rfd8 
19.Bxd8 Rxd8 20.cxd5 Nb6 21.d4 exd4 22.Rfd1 Nxd5 
23.Rde1 Nc3 24.Rb2 Re8 25.Bd3 Rf8 26.Re7 f5 
27.Bc4+ d5 28.Bd3 fxg4 29.Ng5 Rxf2 30.Rxf2 gxh3 
31.Nxh3 Nd1 32.Re8+ Bf8 33.Rfxf8+ Kg7 34.Rf4 Ne3 
35.Rxd4 Nef5 36.Bxf5 Nxf5 37.Rxd5 b6 38.Rb5 Kf7 
39.Ra8 1-0

[Event "HCL-B229"]
[Site "www.playchess.de"]
[Date "2001.03.28"]
[Round "16"]
[White "dakini"]
[Black "serpens"]
[WhiteElo "1145"]
[BlackElo "1168"]
[PlyCount "30"]
[Result "0-1"]

1.d4 e6 2.e4 d5 3.Nc3 Bb4 4.exd5 Bxc3+ 5.bxc3 exd5 
6.c4 dxc4 7.Bxc4 Nf6 8.Bg5 Qe7+ 9.Ne2 O-O 10.O-O 
Re8 11.Re1 Nbd7 12.Nf4 Qxe1+ 13.Qxe1 Rxe1+ 14.Rxe1 
b6 15.Nd5 Bb7 0-1

[Event "HCL-C232"]
[Site "www.playchess.de"]
[Date "2001.03.28"]
[Round "2"]
[White "Michael2001"]
[Black "Jeremy"]
[WhiteElo "1000"]
[BlackElo "1000"]
[PlyCount "66"]
[Result "0-1"]

1.e4 c6 2.Nc3 d5 3.exd5 cxd5 4.d4 Nf6 5.h3 Bf5 
6.f3 Nc6 7.Nb5 g6 8.Bf4 Rc8 9.Qe2 e6 10.c3 Nh5 
11.Bh2 a6 12.g4 Qh4+ 13.Qf2 Qxf2+ 14.Kxf2 Bc2 
{This game has sure had a lot of action!}  15.Nc7+ 
Kd7 16.gxh5 Rxc7 {I guess losing the exchange is 
better than losing all my queenside pawns.}  
17.Bxc7 Kxc7 {Sorry for the delay!}  18.Rc1 Bf5 
19.hxg6 hxg6 20.h4 Bh6 21.Re1 Bg5 22.Ke2 Bxh4 
23.Rd1 g5 24.b4 b5 25.Kd2 Be1+ 26.Kxe1 Rxh1 27.Ne2 
Rh8 28.Ng3 Bg6 29.a3 Ne7 30.Ra1 Bc2 31.Rc1 {I 
think were to the point where we are going to just 
chase eachother around}  Ba4 32.Ra1 Rh2 33.Ne2 
Nf5 0-1

[Event "HCL-B238"]
[Site "www.playchess.de"]
[Date "2001.03.28"]
[Round "1"]
[White "sonnygarcia"]
[Black "badplayer"]
[WhiteElo "1103"]
[BlackElo "1500"]
[PlyCount "32"]
[Result "1/2-1/2"]

1.e4 e5 {if 2Nf3 2...Nc6}  2.Nf3 Nc6 {hi 
sonnygarcia}  3.Bb5 a6 4.Ba4 Nf6 5.Bxc6 dxc6 6.d3 
Bc5 7.O-O Bg4 8.h3 Bxf3 9.Qxf3 h6 10.Nd2 b5 11.Nb3 
Bd6 12.Be3 Nd7 13.Rad1 O-O 14.Qg3 Qf6 15.Na5 Bb4 
16.Nb3 Bd6 1/2-1/2

[Event "HCL-B237"]
[Site "www.playchess.de"]
[Date "2001.03.28"]
[Round "6"]
[White "Bauernopfer"]
[Black "DrJon"]
[WhiteElo "1315"]
[BlackElo "1372"]
[PlyCount "66"]
[Result "0-1"]

1.e4 c6 2.Nf3 d5 {greetings from Idaho, visitng}  
3.exd5 {greetings from Gießen, Hesse, Germany}  
cxd5 4.d4 Nf6 5.Bg5 {.}  Qb6 6.c3 Qxb2 7.Nbd2 
{Oops, played too fast.}  e6 {boy I have done that 
myself, gave a Queen away at work last week and 
had to resign}  8.Bxf6 {Yes, shit happens.}  gxf6 
9.Qc1 {.}  Ba3 10.Qxb2 Bxb2 11.Rb1 Bxc3 12.Bb5+ 
Kd8 13.O-O a6 {great play}  14.Ba4 b5 15.Bc2 Nc6 
16.Nb3 Nb4 17.Bd1 Nxa2 18.Nc5 e5 19.dxe5 Bxe5 
20.Bb3 Nc3 21.Nxe5 fxe5 22.Rbe1 Re8 23.Re3 d4 
24.Rf3 Ne2+ 25.Kh1 f5 26.Re1 Nf4 27.Bf7 Re7 28.Bb3 
a5 29.g3 Ng6 30.Kg2 e4 31.Nxe4 fxe4 32.Rf6 Raa7 
33.Rd6+ Rad7 0-1

[Event "HCL-B237"]
[Site "www.playchess.de"]
[Date "2001.03.28"]
[Round "14"]
[White "yxw1"]
[Black "DrJon"]
[WhiteElo "1200"]
[BlackElo "1372"]
[PlyCount "62"]
[Result "1/2-1/2"]

1.e4 c6 {hello from Cheyenne, Wyoming USA been 
traveling in Idaho}  2.d4 d5 {actually playing 
from airport}  3.exd5 cxd5 4.Nf3 Nf6 5.Bb5+ Bd7 
6.Bxd7+ Nbxd7 7.O-O e6 8.Bg5 Be7 9.Nc3 O-O 10.b3 
a6 11.a4 Rc8 {good opening}  12.Qd3 Qc7 13.Bd2 Ne4 
14.Nxe4 dxe4 15.Qxe4 Nf6 16.Qe3 {I think your 
position is better}  Nd5 {My position seems better 
now.}  17.Qe2 Nc3 {well I will try this, gg}  
18.Qd3 {hi, DrJon, are u a professor in college?}  
Rfd8 {I manage services for the Wyoming Dept of 
Health for Developmental Disabilities}  19.Rfe1 
Bf6 20.h3 h6 {I teach some college courses. What 
do you do?}  21.Kh1 {I am a software engineer. And 
I am in Houston, TX now.}  Be7 22.Ref1 Bd6 23.Kg1 
Bb4 24.Rfe1 Be7 25.Ne5 Bf6 {very good, you play 
very well}  26.Kf1 b6 27.Kg1 Bxe5 {we'll keep this 
exciting}  28.Rxe5 Qxe5 {onward royal lady}  
29.dxe5 Rxd3 30.cxd3 Ne2+ 31.Kh2 Rd8 {great play} 
 1/2-1/2

[Event "HCL-B241"]
[Site "www.playchess.de"]
[Date "2001.03.28"]
[Round "10"]
[White "dakini"]
[Black "cmcmark"]
[WhiteElo "1135"]
[BlackElo "1258"]
[PlyCount "26"]
[Result "0-1"]

1.d4 f5 2.Bf4 d5 {Sorry, I should have wished you 
luck before my first move.  Let's play a good 
game.}  3.c4 {Don´t mind! Let´s have some fun here 
...}  c6 4.e3 Nf6 5.Nf3 e6 6.a3 Nbd7 7.b4 g6 8.Ne5 
Nxe5 9.Bxe5 Bd6 10.c5 Bxe5 11.dxe5 Nd7 12.h4 Nxe5 
13.h5 g5 0-1

[Event "HCL-A108"]
[Site "www.playchess.de"]
[Date "2001.03.28"]
[Round "8"]
[White "Tarrega"]
[Black "One_i"]
[WhiteElo "1690"]
[BlackElo "1657"]
[PlyCount "119"]
[Result "1-0"]

1.c4 Nf6 {Good luck to you from Canada}  2.g3 e6 
3.Bg2 {Greetings from Virginia and Good Luck!}  d5 
4.Nf3 Be7 5.O-O O-O 6.Qc2 b6 7.cxd5 Nxd5 8.Nc3 Bb7 
9.d4 Nd7 10.a3 Rc8 11.e4 N5f6 12.Bf4 c5 13.Qe2 
cxd4 14.Nb5 Nxe4 15.Nfxd4 Nec5 16.Bxb7 Nxb7 
17.Nxa7 Ra8 18.Ndc6 Qe8 19.Nb5 Bd8 20.Nd6 Nxd6 
21.Bxd6 Nf6 22.Nxd8 Rxd8 23.Bxf8 Kxf8 24.Rac1 Nd5 
25.Rc2 Ra8 26.Rfc1 f6 27.R2c6 e5 28.Qe4 Rd8 
29.Qxh7 e4 {resistance is futile, i will offer you 
a draw}  30.Qh8+ Kf7 31.Qxe8+ Rxe8 32.Rd6 Re5 
33.Rd1 Ne7 34.Rxb6 e3 35.fxe3 Rxe3 36.Kf2 Re6 
37.Rxe6 Kxe6 38.Re1+ Kd6 39.Rxe7 Kxe7 40.Ke3 Kd6 
41.Kf4 g6 42.h4 Kc5 43.g4 Kc4 44.h5 gxh5 45.gxh5 
Kb3 46.h6 Kxb2 47.a4 Kc3 48.a5 Kd4 49.h7 f5 
50.h8Q+ {%}  Kd3 51.Qe8 Kd4 52.Qe5+ Kc4 53.Qd6 Kc3 
54.Qd5 Kb4 55.a6 Kc3 56.a7 Kb4 57.a8Q {%}  Kc3 
58.Qac6+ Kb4 59.Qdb5+ Ka3 60.Qca6+ 1-0

[Event "HCL-B240"]
[Site "www.playchess.de"]
[Date "2001.03.28"]
[Round "19"]
[White "hon"]
[Black "iq160"]
[WhiteElo "1500"]
[BlackElo "1508"]
[PlyCount "21"]
[Result "1-0"]

1.d4 Nf6 2.c4 g6 3.Nc3 Bg7 4.e4 d6 5.f4 O-O 6.Nf3 
c5 7.dxc5 Qa5 8.cxd6 Nxe4 9.dxe7 Re8 10.Bd2 Bxc3 
11.Bxc3 1-0

[Event "HCL-C245"]
[Site "www.playchess.de"]
[Date "2001.03.28"]
[Round "4"]
[White "JRockne"]
[Black "Toady"]
[WhiteElo "757"]
[BlackElo "690"]
[PlyCount "31"]
[Result "1-0"]

1.e4 e5 2.Nf3 Nc6 3.Bc4 Nf6 4.Nc3 Nd4 5.Ng5 d5 
6.Nxf7 Kxf7 7.Nxd5 Nxd5 8.Bxd5+ Be6 9.Qh5+ g6 
10.Qxe5 Nxc2+ 11.Ke2 Nxa1 12.Qxe6+ Kg7 13.Qf7+ Kh6 
14.d4+ Kh5 15.Qf3+ Kh4 16.Qh3+ 1-0

[Event "HCL-B242"]
[Site "www.playchess.de"]
[Date "2001.03.28"]
[Round "3"]
[White "Worf"]
[Black "Whatever"]
[WhiteElo "1689"]
[BlackElo "1505"]
[PlyCount "41"]
[Result "1/2-1/2"]

1.d4 Nf6 2.Nf3 {hello, good game}  g6 3.Bf4 Bg7 
4.c3 O-O 5.e3 d6 6.h3 b6 7.Bc4 Bb7 8.Nbd2 Nbd7 
9.Qb3 c5 10.O-O d5 11.Bb5 a6 12.Bxd7 Nxd7 13.Rad1 
c4 14.Qc2 b5 15.Rfe1 f5 16.Ng5 Qb6 17.h4 e5 
18.dxe5 Nxe5 19.Ndf3 Nxf3+ 20.Nxf3 Rfe8 
21.Nd4 1/2-1/2

[Event "HCL-M016"]
[Site "www.playchess.de"]
[Date "2001.03.28"]
[Round "6"]
[White "Aramis"]
[Black "dzwonek"]
[WhiteElo "2256"]
[BlackElo "2304"]
[PlyCount "29"]
[Result "1/2-1/2"]

1.e4 {Hello!}  c5 {have a good game!}  2.Nf3 a6 
3.d4 cxd4 4.Nxd4 Nf6 5.Nc3 e5 6.Nb3 Bb4 7.Bd2 O-O 
8.Bd3 Re8 9.O-O d6 10.Nd5 Nxd5 11.exd5 Bxd2 
12.Nxd2 Nd7 13.Ne4 Nf6 14.Nxf6+ Qxf6 
15.c3 1/2-1/2

[Event "HCL-B256"]
[Site "www.playchess.de"]
[Date "2001.03.28"]
[Round "4"]
[White "rockmountain"]
[Black "lebesgue"]
[WhiteElo "812"]
[BlackElo "1500"]
[PlyCount "52"]
[Result "0-1"]

1.e4 g6 2.d3 Bg7 3.Nc3 d6 4.Nf3 c5 5.Be2 Nc6 6.O-O 
Nf6 7.a4 O-O 8.Bd2 Bg4 9.b3 Nd7 10.a5 Nxa5 11.Nb5 
Bxa1 12.Qxa1 Nc6 13.h3 Bxf3 14.Bxf3 a6 15.Na3 b5 
16.Bh6 f6 17.c3 Rf7 18.c4 Nd4 19.g4 Nxf3+ 20.Kg2 
Nd4 21.cxb5 axb5 22.b4 e5 23.Qb2 Nb6 24.h4 Qc8 
25.g5 Qg4+ 26.Kh2 Nf3+ 0-1

[Event "HCL-B256"]
[Site "www.playchess.de"]
[Date "2001.03.28"]
[Round "6"]
[White "BlaCkPaWn"]
[Black "lebesgue"]
[WhiteElo "1200"]
[BlackElo "1500"]
[PlyCount "30"]
[Result "0-1"]

1.e4 g6 2.Nf3 Bg7 3.d3 d6 4.Bg5 Bxb2 5.Na3 Bxa3 
6.Nd4 Bb2 7.Rb1 Bxd4 8.Qd2 c5 9.c3 Bg7 10.d4 Qa5 
11.Qf4 Qxc3+ 12.Ke2 Qxd4 13.Rd1 Qe5 14.Qh4 Nc6 
15.Bf4 Qxe4+ 0-1